[Event "Ä17Â"]
[Site "Loo"]
[Date "2017.04.25"]
[Round "6.21"]
[White "Åìåëüÿíîâà, Âèêòîðèÿ."]
[Black "Áó÷åëüíèêîâà, Êñåíèÿ."]
[Result "1/2-1/2"]
[WhiteElo "1713"]
[BlackElo "1776"]
[PlyCount "80"]
[EventDate "2017.04.20"]

1. d4 d5 2. c4 e6 3. Nc3 Nf6 4. cxd5 exd5 5. Bg5 Be7 6. e3 c6 7. Bd3 Nbd7 8.
Qc2 O-O 9. Nf3 Re8 10. O-O Nf8 11. h3 g6 12. Rab1 Ne6 13. Bh4 Ng7 14. b4 a6 15.
a4 Bf5 16. Bxf5 Nxf5 17. Bxf6 Bxf6 18. b5 axb5 19. axb5 Nd6 20. bxc6 bxc6 21.
Nd2 Re7 22. Na4 Ra6 23. Nc5 Ra3 24. Rfc1 Rea7 25. Ncb3 R7a6 26. Ra1 Rxa1 27.
Rxa1 Qa8 28. Rxa6 Qxa6 29. Nc5 Qa1+ 30. Kh2 Qa7 31. Qa4 Qxa4 32. Nxa4 Kf8 33.
Kg1 Ke7 34. Kf1 Nb5 35. Ke2 Kd6 36. Kd3 Bh4 37. g3 Bf6 38. Nb3 Kc7 39. Nac5 Bg7
40. f3 Kd6 1/2-1/2

[Event "Ä17Â"]
[Site "Loo"]
[Date "2017.04.25"]
[Round "6.22"]
[White "Ýñàóëîâà, Ìàðôà."]
[Black "Áû÷åíêîâà, Þëèÿ."]
[Result "1-0"]
[WhiteElo "1826"]
[BlackElo "1730"]
[PlyCount "87"]
[EventDate "2017.04.20"]

1. Nf3 f5 2. c4 Nf6 3. d4 e6 4. Nc3 d5 5. g3 c6 6. Bg2 Bd6 7. c5 Bc7 8. b4 O-O
9. O-O Nbd7 10. Qb3 h6 11. b5 Qe7 12. bxc6 bxc6 13. Qa4 Nb8 14. Rb1 Nfd7 15.
Nd2 e5 16. Nxd5 Qd8 17. Nxc7 Qxc7 18. Qc4+ Kh8 19. d5 Ba6 20. Qc3 Bxe2 21. Re1
Bb5 22. d6 Qd8 23. Nf3 Qf6 24. Nxe5 Re8 25. Bb2 Nxe5 26. Rxe5 Rxe5 27. Qxe5
Qxe5 28. Bxe5 Nd7 29. Bd4 Re8 30. Bf1 Re4 31. Be3 a6 32. Bh3 g6 33. Rd1 Kg7 34.
Rd4 Rxd4 35. Bxd4+ Kf7 36. g4 Ke6 37. Be3 Ke5 38. gxf5 gxf5 39. f4+ Ke4 40. Kf2
a5 41. Bg2+ Kd3 42. Bf1+ Ke4 43. Bxb5 cxb5 44. c6 1-0

[Event "Ä17Â"]
[Site "Loo"]
[Date "2017.04.25"]
[Round "6.24"]
[White "Ïîïîâà, Äàðüÿ."]
[Black "Êîáçåâà, Òàòüÿíà."]
[Result "1-0"]
[WhiteElo "1504"]
[BlackElo "1753"]
[PlyCount "119"]
[EventDate "2017.04.20"]

1. e4 c5 2. Nc3 d6 3. d3 Nf6 4. g3 g6 5. Bg2 Bg7 6. Nge2 O-O 7. O-O Bd7 8. h3
Nc6 9. Be3 Qc7 10. Rb1 Na5 11. g4 h6 12. Qd2 Kh7 13. f4 b5 14. e5 dxe5 15. fxe5
Qxe5 16. Bxa8 Rxa8 17. Bf4 Qe6 18. Ng3 b4 19. Nce4 Nd5 20. Rbe1 Qb6 21. Kh2 Be6
22. c4 bxc3 23. Nxc3 Nxf4 24. Rxf4 Nc6 25. Rff1 Rd8 26. Qc2 Nb4 27. Qb1 Rxd3
28. a3 Rd2+ 29. Re2 Rxe2+ 30. Ncxe2 Nc6 31. Nf4 Qxb2+ 32. Qxb2 Bxb2 33. Nxe6
fxe6 34. a4 Kg7 35. Ne4 c4 36. Kg2 Nd4 37. Nf2 c3 38. Nd3 Nb3 39. Nxb2 cxb2 40.
Rb1 Nc5 41. Rxb2 Nxa4 42. Ra2 Nc5 43. Rxa7 Kf6 44. Rc7 Nd3 45. Rd7 Nf4+ 46. Kg3
Nd5 47. Rd8 h5 48. Rf8+ Kg7 49. Rf1 hxg4 50. hxg4 g5 51. Kf3 e5 52. Ke4 Nf6+
53. Kf5 e6+ 54. Kxg5 Ne4+ 55. Kh4 Nf6 56. Re1 e4 57. g5 Nh7 58. Rxe4 Kg6 59.
Rxe6+ Kf5 60. Rh6 1-0

[Event "Ä17Â"]
[Site "Loo"]
[Date "2017.04.25"]
[Round "6.25"]
[White "Õîðóíæåâà, Êñåíèÿ."]
[Black "Òàíäåëîâà, Èðèíà."]
[Result "1-0"]
[WhiteElo "1688"]
[BlackElo "1271"]
[PlyCount "55"]
[EventDate "2017.04.20"]

1. d4 d5 2. c4 c6 3. cxd5 cxd5 4. Nc3 Nf6 5. Nf3 e6 6. Bg5 Be7 7. e3 O-O 8. Bd3
h6 9. Bh4 Nc6 10. Rc1 Bd7 11. O-O Rc8 12. Bb1 a6 13. Na4 Na7 14. Qb3 Bb5 15.
Rfe1 Qd7 16. Nb6 Rxc1 17. Nxd7 Rxe1+ 18. Nxe1 Rc8 19. Nd3 Ne4 20. Bxe7 Nd2 21.
Qd1 Nxb1 22. Qxb1 Bxd3 23. Qxd3 Rc7 24. Bc5 Nb5 25. Nb6 Na7 26. g3 e5 27. Nxd5
Rd7 28. dxe5 1-0

[Event "Ä19"]
[Site "Loo"]
[Date "2017.04.25"]
[Round "6.1"]
[White "Ïîòàïîâà, Ìàðãàðèòà."]
[Black "Áîðèñîâà, Åêàòåðèíà."]
[Result "1/2-1/2"]
[WhiteElo "2096"]
[BlackElo "2078"]
[PlyCount "87"]
[EventDate "2017.04.20"]

1. e4 c5 2. Nf3 d6 3. Bb5+ Nc6 4. O-O Nf6 5. Re1 e5 6. c3 Qc7 7. d4 a6 8. Bxc6+
bxc6 9. dxe5 dxe5 10. Nbd2 Be6 11. Qa4 Nd7 12. Nc4 f6 13. Be3 Be7 14. Nfd2 O-O
15. Na5 Rac8 16. Ndc4 f5 17. exf5 Rxf5 18. Rad1 Nf6 19. Nd2 Nd5 20. Ne4 Nf4 21.
Nb3 c4 22. Nbc5 Bd5 23. Bxf4 Rxf4 24. Qxa6 Rcf8 25. f3 Bxc5+ 26. Nxc5 Qf7 27.
Qb7 Rxf3 28. Qxf7+ R3xf7 29. Rf1 Ra8 30. a3 Re7 31. Rfe1 e4 32. Rd4 e3 33. b3
cxb3 34. c4 Bf7 35. Nxb3 g6 36. Rd3 Bxc4 37. Rc3 Bxb3 38. Rxb3 e2 39. Kf2 Rae8
40. a4 g5 41. h3 Re4 42. a5 Rf4+ 43. Rf3 Ra8 44. Rxf4 1/2-1/2

[Event "Ä19"]
[Site "Loo"]
[Date "2017.04.25"]
[Round "6.2"]
[White "Ëûñåíêî, Ìàðãàðèòà."]
[Black "Àðóòþíîâà, Àñÿ."]
[Result "1-0"]
[WhiteElo "2193"]
[BlackElo "2125"]
[PlyCount "93"]
[EventDate "2017.04.20"]

1. d4 Nf6 2. Bf4 g6 3. e3 Bg7 4. Nf3 d6 5. h3 O-O 6. Be2 h6 7. c4 Nc6 8. Nc3
Re8 9. d5 e5 10. dxe6 Bxe6 11. O-O a6 12. Qa4 Nd7 13. Qc2 Nb6 14. Nd2 Bf5 15.
Qc1 g5 16. Bh2 Bg6 17. Rd1 Qe7 18. Nf3 Rad8 19. Qd2 Ne5 20. b3 Ned7 21. Rac1
Nc5 22. Nd4 c6 23. Qe1 Ne4 24. Nxe4 Bxe4 25. Bg4 Qf6 26. Qb4 Na8 27. Qxb7 c5
28. Nc6 Rb8 29. Qd7 Nb6 30. Qxd6 Bxc6 31. Qxf6 Bxf6 32. Bxb8 Rxb8 33. Rd6 Bb2
34. Rb1 Be4 35. Rxb6 Rxb6 36. Rxb2 Rd6 37. Bf3 Bxf3 38. gxf3 Kf8 39. Kg2 Ke7
40. Kg3 Kf6 41. f4 Kf5 42. fxg5 hxg5 43. Kf3 Rh6 44. Rd2 Rxh3+ 45. Kg2 Rh6 46.
Rd5+ Ke4 47. Rxc5 1-0

[Event "Ä19"]
[Site "Loo"]
[Date "2017.04.25"]
[Round "6.3"]
[White "Ìàðòûíþê, Åëèçàâåòà."]
[Black "Äðîãîâîç, Èðèíà."]
[Result "0-1"]
[WhiteElo "2165"]
[BlackElo "2286"]
[PlyCount "56"]
[EventDate "2017.04.20"]

1. e4 c5 2. Nf3 d6 3. d4 cxd4 4. Nxd4 Nf6 5. Nc3 a6 6. f3 e6 7. Be3 b5 8. Qd2
Nbd7 9. g4 Nb6 10. a4 Nc4 11. Bxc4 bxc4 12. a5 Bb7 13. Na4 Nd7 14. Qb4 Rb8 15.
Qxc4 d5 16. exd5 Ne5 17. Qe2 Qxa5+ 18. Kf2 Qxd5 19. Rhd1 Be7 20. Bf4 Nxg4+ 21.
Kg3 e5 22. fxg4 exf4+ 23. Kxf4 Qg5+ 24. Kg3 Qh4+ 25. Kf4 O-O 26. Nf3 Bxf3 27.
Qxf3 Qxh2+ 28. Ke3 Bg5+ 0-1

[Event "Ä19"]
[Site "Loo"]
[Date "2017.04.25"]
[Round "6.4"]
[White "Èëüèíà, Íàòàëüÿ."]
[Black "Òóêàåâà, Àäåëÿ."]
[Result "1-0"]
[WhiteElo "2072"]
[BlackElo "1970"]
[PlyCount "55"]
[EventDate "2017.04.20"]

1. e4 c5 2. Nf3 d6 3. d4 cxd4 4. Qxd4 Nc6 5. Bb5 a6 6. Bxc6+ bxc6 7. c4 e5 8.
Qd3 Nf6 9. Nc3 Be7 10. O-O O-O 11. c5 d5 12. Nxe5 Qc7 13. Nf3 Bxc5 14. exd5
Nxd5 15. Ng5 Nf6 16. Nce4 Ng4 17. g3 Ba7 18. Bf4 Qd7 19. Nd6 g6 20. Rad1 Qe7
21. Qf3 Bd7 22. Rde1 Qf6 23. h3 Nh6 24. Nge4 Qxb2 25. Bxh6 Bxh3 26. Bxf8 Bxf1
27. Qxf7+ Kh8 28. Rxf1 1-0

[Event "Ä19"]
[Site "Loo"]
[Date "2017.04.25"]
[Round "6.5"]
[White "Ìàðòûíîâà, Àíàñòàñèÿ."]
[Black "Ïðîòîïîïîâà, Àíàñòàñèÿ."]
[Result "1-0"]
[WhiteElo "1987"]
[BlackElo "2266"]
[PlyCount "70"]
[EventDate "2017.04.20"]

1. d4 d5 2. c4 e6 3. Nf3 c6 4. g3 dxc4 5. Bg2 b5 6. Ne5 Bb7 7. a4 a6 8. O-O Nf6
9. b3 cxb3 10. Bb2 Be7 11. Qxb3 O-O 12. Rc1 Qb6 13. Nd2 Rc8 14. Ndc4 Qd8 15.
Nxf7 Kxf7 16. Ne5+ Kf8 17. Qxe6 Qe8 18. axb5 axb5 19. Rxa8 Bxa8 20. Ra1 Bb7 21.
Ra7 Rc7 22. Qb3 Bd6 23. g4 Qe7 24. g5 Ne8 25. Qf3+ Kg8 26. Qb3+ Kf8 27. Qf3+
Kg8 28. Qb3+ Kh8 29. g6 Bxe5 30. dxe5 c5 31. Bxb7 Qg5+ 32. Kh1 Qxg6 33. Qf3 Nd7
34. Be4 Qb6 35. Ra8 Qe6 1-0

[Event "Ä19"]
[Site "Loo"]
[Date "2017.04.25"]
[Round "6.6"]
[White "Øàïàðü, Òàòüÿíà."]
[Black "Òèøîâà, Ñâåòëàíà."]
[Result "1-0"]
[WhiteElo "1950"]
[BlackElo "2177"]
[PlyCount "99"]
[EventDate "2017.04.20"]

1. e4 c6 2. d4 d5 3. Nd2 dxe4 4. Nxe4 Nd7 5. Nf3 Ngf6 6. Bd3 Nxe4 7. Bxe4 Nf6
8. Bd3 Bg4 9. c3 e6 10. h3 Bh5 11. O-O Be7 12. Re1 O-O 13. Be2 c5 14. Bf4 Qb6
15. Qb3 Qxb3 16. axb3 Nd5 17. Be5 Rfd8 18. Ra5 cxd4 19. Bxd4 a6 20. g3 Rac8 21.
c4 Bb4 22. Rea1 Bxa5 23. Rxa5 Bxf3 24. Bxf3 Nb4 25. Bc3 Nc6 26. Rg5 g6 27. Rc5
Rd7 28. b4 Ne7 29. Kf1 Rdc7 30. Ke2 Kf8 31. Kd3 Ke8 32. Bf6 Nc6 33. Kc3 b6 34.
Rg5 Ne7 35. b3 Ng8 36. Be5 Rd7 37. Rg4 f6 38. Bd4 b5 39. Re4 e5 40. Bc5 Ne7 41.
Re1 Nc6 42. Ra1 Nd4 43. Bd5 bxc4 44. bxc4 Nb5+ 45. Kb3 Rcc7 46. Rxa6 Na7 47.
Bb6 Nc8 48. Bxc7 Rxc7 49. Rxf6 Ne7 50. Re6 1-0

[Event "Ä19"]
[Site "Loo"]
[Date "2017.04.25"]
[Round "6.7"]
[White "Ìèëîâàíîâà, Ìàðèÿ."]
[Black "Ãîðîâåíêî, Äàðüÿ."]
[Result "0-1"]
[WhiteElo "1981"]
[BlackElo "2122"]
[PlyCount "96"]
[EventDate "2017.04.20"]

1. d4 Nf6 2. c4 g6 3. Nc3 d5 4. cxd5 Nxd5 5. e4 Nxc3 6. bxc3 Bg7 7. Bc4 c5 8.
Ne2 O-O 9. O-O Nc6 10. Be3 Bg4 11. f3 Bd7 12. Rb1 a6 13. dxc5 Ne5 14. Bd5 Bb5
15. Bd4 Qa5 16. f4 Nc6 17. Bxg7 Kxg7 18. f5 Bxe2 19. Qxe2 Qxc5+ 20. Kh1 b5 21.
Qf3 Ra7 22. Qf4 f6 23. Rf3 Ne5 24. Rg3 Rc7 25. fxg6 hxg6 26. Rf1 Qd6 27. Rh3 g5
28. Qf5 Ng6 29. Qg4 Nf4 30. Re3 Qe5 31. Rg3 Rxc3 32. Rxc3 Qxc3 33. Bb3 Qe5 34.
Qf3 a5 35. g3 Ne6 36. Qg4 Nc5 37. Bc2 Rd8 38. Qe2 Ne6 39. Bb1 b4 40. Qg2 Nc5
41. Qe2 a4 42. Rf5 Qd4 43. Bc2 b3 44. axb3 axb3 45. e5 bxc2 46. exf6+ exf6 47.
Qe7+ Kg6 48. Rxc5 Qxc5 0-1

[Event "Ä19"]
[Site "Loo"]
[Date "2017.04.25"]
[Round "6.8"]
[White "Ñåðåãèíà, Ìàðèÿ."]
[Black "Êîð÷àãèíà, Àëåíà."]
[Result "0-1"]
[WhiteElo "1804"]
[BlackElo "2119"]
[PlyCount "96"]
[EventDate "2017.04.20"]

1. d4 d5 2. c4 dxc4 3. Nc3 e5 4. e3 exd4 5. exd4 Nf6 6. Bxc4 Bd6 7. Nge2 h6 8.
Bf4 O-O 9. Bxd6 Qxd6 10. h3 a6 11. a4 Nc6 12. O-O Bf5 13. g4 Bxg4 14. hxg4 Nxg4
15. Ng3 Qf4 16. Nd5 Qg5 17. Kg2 Rad8 18. f4 Qg6 19. f5 Qg5 20. Rf4 Qxf4 21.
Nxf4 Ne3+ 22. Kh3 Nxd1 23. Rxd1 Rxd4 24. Rxd4 Nxd4 25. Nfe2 Rd8 26. Nxd4 Rxd4
27. b3 Rf4 28. Kg2 Kf8 29. Bd3 Rb4 30. Bc2 c5 31. Kf3 c4 32. bxc4 Rxc4 33. Bd1
Rd4 34. Bc2 Rd2 35. Be4 b6 36. Bb7 b5 37. axb5 axb5 38. Ne4 Rd8 39. Nc5 Ke7 40.
Be4 b4 41. Nb3 Kf6 42. Kf4 Rd1 43. Nc5 Rf1+ 44. Kg4 Ke5 45. Bc2 Kd4 46. Ne4 Rc1
47. Bb3 Kxe4 48. Bxf7 Rg1+ 0-1

[Event "Ä19"]
[Site "Loo"]
[Date "2017.04.25"]
[Round "6.9"]
[White "Ìàìîíòîâà, Àíàñòàñèÿ."]
[Black "Ìóõèíà, ßíà."]
[Result "1-0"]
[WhiteElo "1948"]
[BlackElo "2004"]
[PlyCount "121"]
[EventDate "2017.04.20"]

1. c4 e5 2. d4 e4 3. Nc3 Bb4 4. d5 c5 5. Qc2 f5 6. h4 Nf6 7. Nh3 b5 8. e3 Bb7
9. Bd2 Bxc3 10. Qxc3 Qe7 11. Qb3 a6 12. Nf4 Qd6 13. cxb5 axb5 14. Bxb5 Nxd5 15.
Bc4 Nb6 16. Bf7+ Ke7 17. Rd1 Qf6 18. Bh5 d5 19. Bc3 Qd6 20. Bxg7 Rg8 21. Be5
Qc6 22. Be2 c4 23. Qb4+ Kd7 24. Bd4 Na4 25. Nxd5 Na6 26. Qe7+ Kc8 27. Be5 Re8
28. Qg7 Qe6 29. Nf6 Qxe5 30. Qd7+ Kb8 31. Nxe8 Nb6 32. Qf7 Bd5 33. Qf8 Ka7 34.
Qg7+ Qxg7 35. Nxg7 Bc6 36. Nxf5 Nc5 37. Nd4 Bd5 38. Nb5+ Kb7 39. Nc3 Bc6 40.
Rd6 Nd3+ 41. Bxd3 exd3 42. f3 Na4 43. Nxa4 Rxa4 44. a3 Ra6 45. Kd2 Rb6 46. b4
Kc7 47. Rh6 Ra6 48. Rxh7+ Kb6 49. Ra1 Ra8 50. Rg7 Bb5 51. Rg4 Rc8 52. Kc3 Rd8
53. Rd4 Rg8 54. Ra2 Re8 55. a4 Ba6 56. b5 Bc8 57. Rxc4 Kb7 58. Re4 Be6 59. Rd2
Rc8+ 60. Kb4 Rc2 61. Rxd3 1-0

[Event "Ä19"]
[Site "Loo"]
[Date "2017.04.25"]
[Round "6.10"]
[White "Êîøåïàðîâà, Òàòüÿíà."]
[Black "Äîëãàåâà, Åâãåíèÿ."]
[Result "0-1"]
[WhiteElo "2074"]
[BlackElo "1946"]
[PlyCount "88"]
[EventDate "2017.04.20"]

1. e4 c5 2. Nf3 Nc6 3. d4 cxd4 4. Nxd4 g6 5. Nc3 Bg7 6. Be3 Nf6 7. Bc4 O-O 8.
Bb3 d6 9. f3 Bd7 10. Qd2 Na5 11. O-O-O Rb8 12. Bh6 b5 13. h4 e5 14. Nde2 Nxb3+
15. axb3 b4 16. Nb1 Ne8 17. Bxg7 Kxg7 18. h5 Qe7 19. hxg6 fxg6 20. Qh6+ Kg8 21.
Nd2 Rf7 22. Nc4 Be6 23. Ne3 Qc7 24. Kb1 Rc8 25. Rd2 a5 26. f4 Qe7 27. Qh2 exf4
28. Nxf4 Bxb3 29. Ng4 Bxc2+ 30. Rxc2 Qxe4 31. Nh6+ Kf8 32. Ne6+ Ke7 33. Ng8+
Kxe6 34. Qh3+ Rf5 35. Qb3+ d5 36. Rhc1 Nd6 37. Nh6 Rxc2 38. Qxc2 Qxc2+ 39. Rxc2
Rf1+ 40. Ka2 a4 41. Re2+ Ne4 42. Ng4 Kd6 43. Ne3 Rc1 44. g4 Kc5 0-1

[Event "Ä19"]
[Site "Loo"]
[Date "2017.04.25"]
[Round "6.11"]
[White "Øàêèðîâà, Ðåíàòà."]
[Black "Ñàòàåâà, Ëàíà."]
[Result "1-0"]
[WhiteElo "2064"]
[BlackElo "1802"]
[PlyCount "89"]
[EventDate "2017.04.20"]

1. e4 e5 2. Nf3 Nc6 3. Bb5 Nf6 4. O-O d6 5. d4 exd4 6. Nxd4 Bd7 7. Nb3 Be7 8.
Nc3 O-O 9. Re1 a6 10. Bf1 b5 11. Nd5 Nxd5 12. exd5 Ne5 13. Nd4 Bf6 14. f4 Ng6
15. Be3 Re8 16. c3 Qc8 17. Qd2 Ne7 18. Nf3 Bg4 19. Ng5 Bf5 20. Bf2 g6 21. h3
Qd8 22. Nf3 Bd7 23. Rac1 Rb8 24. b4 Nf5 25. Rxe8+ Qxe8 26. Re1 Qf8 27. c4 bxc4
28. Bxc4 Qg7 29. Rc1 Bb2 30. Rc2 Ba3 31. g4 Bxb4 32. Qc1 Ne7 33. Rb2 c5 34. a3
a5 35. axb4 axb4 36. Ra2 h5 37. Ra7 Rd8 38. Qe3 Nc8 39. Rxd7 Qf8 40. Rxd8 Qxd8
41. Bh4 Qd7 42. f5 Nb6 43. Bf6 Nxc4 44. Qh6 Qe8 45. Qg7# 1-0

[Event "Ä19"]
[Site "Loo"]
[Date "2017.04.25"]
[Round "6.12"]
[White "Äåì÷åíêî, Àëèñà."]
[Black "Êèñåëåâà, Åêàòåðèíà."]
[Result "1-0"]
[WhiteElo "1876"]
[BlackElo "1808"]
[PlyCount "83"]
[EventDate "2017.04.20"]

1. d4 Nf6 2. c4 g6 3. Nc3 Bg7 4. e4 d6 5. Nf3 O-O 6. Be2 e5 7. O-O Nc6 8. d5
Ne7 9. Ne1 Nd7 10. Nd3 f5 11. Bd2 Nf6 12. f3 f4 13. c5 dxc5 14. Nxc5 Qd6 15.
Nd3 c6 16. dxc6 Nxc6 17. Nb5 Qd8 18. Qb3+ Kh8 19. Bb4 Nxb4 20. Qxb4 Re8 21. Qd6
Nd7 22. Qc7 a6 23. Qxd8 Rxd8 24. Nc7 Ra7 25. Nd5 Bf8 26. Rfc1 b6 27. N5b4 Bb7
28. Nc6 Bxc6 29. Rxc6 Rb7 30. Rd1 Rbb8 31. Re6 Re8 32. Nxf4 exf4 33. Rxe8 Rxe8
34. Rxd7 a5 35. g3 g5 36. Kg2 Bc5 37. Kh3 Re6 38. Kg4 h6 39. Bc4 fxg3 40. Bxe6
g2 41. Kf5 g1=Q 42. Kg6 1-0

[Event "Ä19"]
[Site "Loo"]
[Date "2017.04.25"]
[Round "6.13"]
[White "Áî÷àðîâà, Àíàñòàñèÿ."]
[Black "Àëåêñååâà, Þëèÿ."]
[Result "0-1"]
[WhiteElo "1797"]
[BlackElo "1850"]
[PlyCount "64"]
[EventDate "2017.04.20"]

1. Nf3 Nf6 2. d4 g6 3. c4 Bg7 4. Nc3 O-O 5. e3 d6 6. Be2 Nbd7 7. O-O c6 8. Qc2
e5 9. Rd1 Qe7 10. b3 Ne8 11. Ba3 f5 12. dxe5 Nxe5 13. Rd2 Be6 14. Rad1 Rd8 15.
Na4 Rd7 16. Nxe5 Bxe5 17. Rd3 f4 18. exf4 Bxf4 19. g3 Bh6 20. Qc3 Bf5 21. Re1
Bxd3 22. Bxd3 Qf7 23. Qc2 Re7 24. Rd1 Qf3 25. Nc3 Bg7 26. Ne4 Bd4 27. Rd2 Re5
28. Nxd6 Nxd6 29. Bxd6 Re1+ 30. Bf1 Rxf1+ 31. Kxf1 Qh1+ 32. Ke2 Re8+ 0-1

[Event "Ä19"]
[Site "Loo"]
[Date "2017.04.25"]
[Round "6.14"]
[White "Êîïîâàÿ, Àëåêñàíäðà."]
[Black "Ñàôèþëëèíà, Äèíàðà."]
[Result "1/2-1/2"]
[WhiteElo "1958"]
[BlackElo "1839"]
[PlyCount "61"]
[EventDate "2017.04.20"]

1. c4 c5 2. Nc3 Nc6 3. d3 g6 4. g3 Bg7 5. Bg2 Nf6 6. e4 d6 7. Nge2 Nd7 8. O-O
Nde5 9. f4 Nd7 10. h3 O-O 11. Kh2 Nf6 12. Be3 Qb6 13. Qd2 Nd7 14. Rab1 Qa5 15.
f5 Nde5 16. Bh6 Bd7 17. Bxg7 Kxg7 18. Nf4 f6 19. Qe3 Nd4 20. Ncd5 Rae8 21. b4
Qxa2 22. Ra1 Qb2 23. bxc5 dxc5 24. Rab1 Qa2 25. Ra1 Qb2 26. Rfb1 Qc2 27. Rc1
Qb2 28. Rcb1 Qc2 29. Rc1 Qb2 30. Rcb1 Qc2 31. Rc1 1/2-1/2

[Event "Ä19"]
[Site "Loo"]
[Date "2017.04.25"]
[Round "6.15"]
[White "Ãðåõí¸âà, ßíà."]
[Black "Òèìàêîâà, Ìàðèÿ."]
[Result "0-1"]
[WhiteElo "1881"]
[BlackElo "1828"]
[PlyCount "110"]
[EventDate "2017.04.20"]

1. d4 d6 2. c4 e5 3. d5 f5 4. Nc3 Nf6 5. Bg5 h6 6. Bxf6 Qxf6 7. e4 f4 8. Be2 g6
9. Bg4 Bxg4 10. Qxg4 Na6 11. h4 Bg7 12. Nf3 O-O 13. O-O-O Nc5 14. Kb1 Qf7 15.
Nd2 a6 16. Nb3 Nd7 17. Rd3 Rfb8 18. g3 Nf6 19. Qe2 g5 20. g4 gxh4 21. Rdh3 Qg6
22. Rxh4 b5 23. cxb5 axb5 24. f3 b4 25. Nd1 Qe8 26. Qc4 Qa4 27. Nd2 Rb5 28. Qb3
Qa7 29. Nc4 Qd4 30. R4h2 Rc5 31. Rc2 Nxe4 32. fxe4 Qxe4 33. Nf2 Qxd5 34. Rd1
Qe6 35. Ne4 Rc6 36. g5 d5 37. Ncd2 Rxc2 38. Kxc2 Re8 39. gxh6 Bxh6 40. Rg1+ Kh8
41. Ng5 Qf5+ 42. Qd3 e4 43. Qh3 Qxh3 44. Nxh3 f3 45. Ng5 Re7 46. Ngxf3 exf3 47.
Nxf3 Re2+ 48. Kb1 Bg7 49. b3 Rb2+ 50. Kc1 Rxa2 51. Rg6 Rf2 52. Ng5 Bc3 53. Ne6
d4 54. Kd1 d3 55. Rg1 Ra2 0-1

[Event "Ä19"]
[Site "Loo"]
[Date "2017.04.25"]
[Round "6.16"]
[White "Þðîâñêèõ, ßñìèí."]
[Black "Êàëèíîâñêàÿ, Ëþäìèëà."]
[Result "1/2-1/2"]
[WhiteElo "1880"]
[BlackElo "1689"]
[PlyCount "114"]
[EventDate "2017.04.20"]

1. e4 c5 2. Nf3 e6 3. d4 cxd4 4. Nxd4 Nf6 5. Nc3 a6 6. e5 Ng8 7. Bd3 d6 8. f4
dxe5 9. fxe5 Bc5 10. Nf3 Ne7 11. Ne4 O-O 12. Qe2 Nf5 13. Nxc5 Qa5+ 14. c3 Qxc5
15. g4 Ne7 16. Qe4 Ng6 17. h4 Bd7 18. Qd4 Qxd4 19. cxd4 Nc6 20. Bd2 Na7 21. Kf2
Bc6 22. h5 Ne7 23. Rhd1 Rfd8 24. Bg5 Rd7 25. Bxe7 Rxe7 26. Ng5 h6 27. Ne4 Rd8
28. Ke3 Red7 29. Nd6 Nc8 30. Nxc8 Rxc8 31. Be4 Bxe4 32. Kxe4 Rdc7 33. Rd2 Kf8
34. b3 Ke7 35. Rad1 Rc2 36. Kd3 R8c3+ 37. Ke4 f6 38. d5 Rxd2 39. Rxd2 exd5+ 40.
Rxd5 Rc2 41. exf6+ Kxf6 42. Rd6+ Ke7 43. Rb6 Rxa2 44. Rxb7+ Kf6 45. Rb6+ Kf7
46. Kf5 Ra5+ 47. Kf4 Ra3 48. b4 Rb3 49. Kf5 Rf3+ 50. Ke5 Rb3 51. Rb7+ Kf8 52.
Ke6 Re3+ 53. Kf5 Rf3+ 54. Ke4 Rf6 55. b5 axb5 56. Rxb5 g6 57. hxg6 Rxg6 1/2-1/2

[Event "Ä19"]
[Site "Loo"]
[Date "2017.04.25"]
[Round "6.17"]
[White "Áî÷àðîâà, Óëüÿíà."]
[Black "Ìóõòàðîâà, Àíàñòàñèÿ."]
[Result "0-1"]
[WhiteElo "1852"]
[BlackElo "1859"]
[PlyCount "94"]
[EventDate "2017.04.20"]

1. c4 Nf6 2. Nc3 c5 3. g3 e6 4. Bg2 Be7 5. e3 d6 6. Nge2 Nbd7 7. d4 cxd4 8.
exd4 Qc7 9. b3 a6 10. O-O O-O 11. Ba3 Rb8 12. Rc1 b6 13. Nf4 Bb7 14. Qe2 Rfe8
15. Ne4 Nxe4 16. Bxe4 Bxe4 17. Qxe4 Nf6 18. Qf3 Rbc8 19. Rfe1 Bf8 20. Re2 Qa7
21. Rec2 Rc7 22. Bb2 Rec8 23. g4 Qb7 24. Qxb7 Rxb7 25. g5 Nd7 26. Nd3 Rbc7 27.
Ba3 a5 28. b4 axb4 29. Bxb4 e5 30. dxe5 dxe5 31. a3 e4 32. Nb2 Ne5 33. Kg2 Nf3
34. Na4 Rc6 35. h4 Nxh4+ 36. Kg3 Nf5+ 37. Kf4 Nd4 38. Rd2 Nb3 39. Rcd1 Nxd2 40.
Rxd2 Ra8 41. Nb2 Re8 42. Rd4 h6 43. gxh6 Rxh6 44. Na4 g5+ 45. Kxg5 Rg6+ 46. Kf4
Bh6+ 47. Kf5 Rg5+ 0-1

[Event "Ä19"]
[Site "Loo"]
[Date "2017.04.25"]
[Round "6.18"]
[White "Äîðîôååâà, Íúóðãóéààíà."]
[Black "Ìàòþêîâà, Óëüÿíà."]
[Result "0-1"]
[WhiteElo "1778"]
[BlackElo "1984"]
[PlyCount "92"]
[EventDate "2017.04.20"]

1. d4 Nf6 2. c4 e6 3. Nf3 b6 4. a3 Ba6 5. Qc2 c5 6. e4 d6 7. d5 Be7 8. Qa4+
Nfd7 9. Bd2 O-O 10. Bd3 exd5 11. exd5 Bf6 12. Qc2 Re8+ 13. Be3 g6 14. O-O Bb7
15. Nc3 Ne5 16. Nxe5 Bxe5 17. Qd2 f5 18. Bf4 a6 19. Rfe1 Nd7 20. Bg5 Qc7 21. f4
Bd4+ 22. Kh1 Nf6 23. Rxe8+ Rxe8 24. Re1 Qd7 25. Bxf6 Bxf6 26. Rxe8+ Qxe8 27.
Qe2 Kf7 28. Nd1 Bd4 29. b3 Bc8 30. Qxe8+ Kxe8 31. g3 Bd7 32. a4 Kd8 33. Kg2 Kc7
34. Kf3 b5 35. axb5 axb5 36. Ne3 Kb6 37. cxb5 Bxe3 38. Kxe3 Bxb5 39. Bc4 Bxc4
40. bxc4 Ka5 41. Kd3 Kb4 42. g4 h5 43. h3 Kb3 44. gxf5 gxf5 45. Ke3 Kxc4 46.
Kf3 h4 0-1

[Event "Ä19"]
[Site "Loo"]
[Date "2017.04.25"]
[Round "6.19"]
[White "Àëåêñååâà, Àíãåëèíà."]
[Black "×èñòÿêîâà, Äàðüÿ."]
[Result "0-1"]
[WhiteElo "1714"]
[BlackElo "1893"]
[PlyCount "82"]
[EventDate "2017.04.20"]

1. d4 Nf6 2. c4 g6 3. Nc3 Bg7 4. Bf4 O-O 5. Nf3 d6 6. e3 Nh5 7. Bg5 Nc6 8. Be2
Bd7 9. O-O h6 10. Bh4 g5 11. Nd2 Nf6 12. Bg3 e5 13. d5 Ne7 14. h3 Ne8 15. f4 f5
16. Nf3 Ng6 17. fxe5 dxe5 18. e4 f4 19. Bf2 b6 20. c5 Nf6 21. c6 Bc8 22. Nh2
Qe7 23. Qb3 Kh8 24. a4 h5 25. a5 g4 26. hxg4 hxg4 27. g3 fxg3 28. Bxg3 Nh5 29.
Rxf8+ Bxf8 30. Nd1 Qg5 31. Kh1 Bc5 32. axb6 Bxb6 33. Ra3 Ngf4 34. Bf1 Nxg3+ 35.
Qxg3 Nh5 36. Qg2 g3 37. Nf3 Qh6 38. Nh4 Bg4 39. Nc3 Rf8 40. Nf5 Bxf5 41. exf5
Nf4+ 0-1

[Event "Ä19"]
[Site "Loo"]
[Date "2017.04.25"]
[Round "6.20"]
[White "Êàçàê, Íàòàëüÿ."]
[Black "Þðêèíà, Àíàñòàñèÿ."]
[Result "0-1"]
[WhiteElo "1769"]
[BlackElo "1812"]
[PlyCount "70"]
[EventDate "2017.04.20"]

1. d4 Nf6 2. c4 e6 3. Nc3 d5 4. Nf3 Be7 5. Bg5 O-O 6. e3 h6 7. Bh4 b6 8. Ne5
Bb7 9. cxd5 Nxd5 10. Bg3 c5 11. Nf3 Nc6 12. a3 cxd4 13. exd4 Rc8 14. Rc1 Na5
15. Qa4 Nxc3 16. Rxc3 Rxc3 17. bxc3 Bc6 18. Bb5 Bxb5 19. Qxb5 Qc8 20. O-O Bxa3
21. Qd3 Bb2 22. Bd6 Rd8 23. Bb4 Nc6 24. Qb1 Nxb4 25. Qxb2 Nd5 26. Rc1 Nf4 27.
Qd2 e5 28. Nxe5 Rxd4 29. Qa2 Qb7 30. Nf3 Rd3 31. Ne1 Qc6 32. c4 Qe4 33. Ra1 Rd7
34. f3 Qe3+ 35. Kf1 Rd2 0-1

[Event "Ì11Ï"]
[Site "Loo"]
[Date "2017.04.25"]
[Round "6.1"]
[White "Õàðêåâè÷, Ñòåïàí."]
[Black "×ûíäûãûð, Òàìåðëàí."]
[Result "1-0"]
[WhiteElo "1807"]
[BlackElo "1720"]
[PlyCount "79"]
[EventDate "2017.04.20"]

1. e4 c5 2. Nf3 Nc6 3. c3 d5 4. exd5 Qxd5 5. d4 Bg4 6. Be2 e6 7. h3 Bh5 8. c4
Qd6 9. g4 Bg6 10. d5 Nb4 11. Na3 O-O-O 12. O-O exd5 13. Nb5 Qb6 14. Bf4 dxc4
15. Qa4 a6 16. Na3 Qc6 17. Nxc4 b5 18. Nce5 Qxf3 19. Qxb4 Qxe2 20. Qa5 Qe4 21.
Nxg6 Qb7 22. Nxh8 g5 23. Rad1 Be7 24. Be3 Rf8 25. Qd2 f6 26. Qd5 Qxd5 27. Rxd5
Nh6 28. Bxc5 Bxc5 29. Rxc5+ Kb7 30. Rfc1 Rxh8 31. Rc7+ Kb8 32. R7c6 Rf8 33.
Rxa6 Ng8 34. Rb6+ Ka7 35. Rxb5 Rd8 36. Rc3 Ka6 37. Rb4 Ka5 38. Rcb3 Ne7 39. Rb7
Rd1+ 40. Kg2 1-0

[Event "Ì11Ï"]
[Site "Loo"]
[Date "2017.04.25"]
[Round "6.2"]
[White "ßóðîâ, Åãîð."]
[Black "Ðóäíûé, Èëüÿ."]
[Result "1-0"]
[WhiteElo "1587"]
[BlackElo "1465"]
[PlyCount "81"]
[EventDate "2017.04.20"]

1. d4 Nf6 2. Bf4 e6 3. Nf3 b6 4. e3 Bb7 5. Be2 g6 6. O-O Bg7 7. c3 O-O 8. Nbd2
d6 9. Re1 Nbd7 10. Bc4 Qe7 11. Bg3 e5 12. e4 Kh8 13. Bd3 Nh5 14. d5 Nxg3 15.
hxg3 Nc5 16. Bc2 f5 17. b4 Nd7 18. c4 a5 19. a3 axb4 20. axb4 Rxa1 21. Qxa1 Ra8
22. Qc3 f4 23. gxf4 exf4 24. Qd3 Qf6 25. e5 Nxe5 26. Nxe5 dxe5 27. Ne4 Qe7 28.
c5 Rd8 29. Bb3 Qd7 30. Rd1 Qg4 31. f3 Qf5 32. Qc2 g5 33. c6 Bc8 34. d6 Bf8 35.
dxc7 Rxd1+ 36. Qxd1 Bxb4 37. Qd8+ Kg7 38. Nxg5 Bc5+ 39. Kh2 Qb1 40. Qg8+ Kf6
41. Ne4+ 1-0